000 00437nam a2200157 4500
001 132727
003 ES-MaACL
005 20230906194233.0
007 t|
008 070214s1921 xxu r ||||1| spa d
100 1 _aRos, Edward Alsworth.
_999571
245 1 4 _aThe Russian bolshevik /
_cby Edward Alsworth Ros.
260 _aNew York :
_bThe Century Co.,
_c1921.
300 _aXIII, 302 p. ;
_c21 x 14 cm.
852 _aES-MaACL
_jC-3352
999 _c132727
_d132727